[Event "4NCL/Div1/WGR2 vs. 3CS1"]
[Site "West Bromwich ENG"]
[Date "2005.04.09"]
[Round "7.6"]
[White "Walton, Alan J"]
[Black "Sowray, Peter J"]
[Result "0-1"]
[WhiteElo "2178"]
[BlackElo "2342"]
[PlyCount "98"]
[EventDate "2005.04.09"]
[SourceDate "2004.09.21"]

1. d4 Nf6 2. Bg5 d5 3. Bxf6 exf6 4. e3 c6 5. c4 dxc4 6. Bxc4 Bd6 7. Nc3 Nd7 8.
Nf3 O-O 9. O-O f5 10. Qc2 Nf6 11. Rad1 Qc7 12. h3 Bd7 13. Rfe1 Rae8 14. Bd3 g6
15. Nd2 Qd8 16. a3 Bc8 17. b4 Bb8 18. Nf3 Qe7 19. Bc4 Ne4 20. d5 Qf6 21. Ne2
Rd8 22. dxc6 Qxc6 23. Qb3 Qf6 24. Rxd8 Rxd8 25. Rd1 Kg7 26. Nf4 Rxd1+ 27. Qxd1
a6 28. Nd5 {(=)} Qb2 29. Qd4+ Qxd4 30. Nxd4 Ba7 31. a4 Bd7 32. b5 axb5 33. Nxb5
Bc5 34. Nbc3 Bc6 35. a5 Nxc3 36. Nxc3 Bb4 37. Nb5 Bxa5 38. Nd6 f6 39. g4 fxg4
40. hxg4 Bb4 41. Nb5 Bd7 42. f3 f5 43. gxf5 Bxf5 44. e4 Bd7 45. Kg2 g5 46. e5
Bxb5 47. Bxb5 Bc3 48. e6 Kf6 49. Bc4 Bb4 0-1

[Event "4NCL/Div1/WGR2 vs. 3CS1"]
[Site "West Bromwich ENG"]
[Date "2005.04.09"]
[Round "7.7"]
[White "Rechel, Bernd"]
[Black "Jaunooby, Ali Reza"]
[Result "1-0"]
[WhiteElo "2408"]
[BlackElo "2205"]
[PlyCount "63"]
[EventDate "2005.04.09"]
[SourceDate "2004.09.21"]

1. e4 g6 2. d4 Bg7 3. Nc3 d6 4. f4 Nd7 5. Nf3 c5 6. d5 a6 7. a4 Qc7 8. Be2
Bxc3+ 9. bxc3 Ngf6 10. Qd3 c4 11. Qd4 Qc5 12. Be3 O-O 13. Nd2 b6 14. O-O Bb7
15. Rfb1 Qc7 16. Qxc4 Nc5 17. Qd4 e5 18. fxe5 dxe5 19. Qb4 Rab8 20. a5 Nfd7 21.
axb6 Qc8 22. Ra5 Nxe4 23. Nxe4 f5 24. Nd6 Qd8 25. Nxb7 Rxb7 26. Bxa6 Rb8 27. b7
f4 28. Bf2 e4 29. Bd4 f3 30. d6 h5 31. Qc4+ Rf7 32. Qc8 1-0

[Event "4NCL/Div1/WGR2 vs. 3CS1"]
[Site "West Bromwich ENG"]
[Date "2005.04.09"]
[Round "7.8"]
[White "Martin, Katie"]
[Black "Law, Andrew P"]
[Result "0-1"]
[WhiteElo "1960"]
[BlackElo "2317"]
[PlyCount "106"]
[EventDate "2005.04.09"]
[SourceDate "2004.09.21"]

1. e4 e5 2. Nc3 Nf6 3. Nf3 Bb4 4. Nd5 Nxd5 5. exd5 O-O 6. Bc4 d6 7. O-O Bg4 8.
h3 Bh5 9. Be2 Nd7 10. a4 Bc5 11. d4 Bxf3 12. Bxf3 exd4 13. Qd2 a5 14. b3 Ne5
15. Be2 Qf6 16. Bb2 Ng6 17. Rad1 Rfe8 18. Bf3 Nf4 19. Kh2 Qf5 20. Bxd4 Nxh3 21.
Bxc5 dxc5 22. Qd3 Qxd3 23. Rxd3 Ng5 24. Bg4 Ne4 25. Re3 Nd6 26. Rfe1 Rxe3 27.
Rxe3 Re8 28. Rd3 f5 29. Bf3 Kf7 30. Rd2 Kf6 31. c3 b6 32. Rc2 Re7 33. Rb2 g5
34. g4 fxg4 35. Bxg4 Re4 36. Be6 h5 37. Kg2 Ke5 38. f3 Re3 39. Rc2 Re1 40. Kg3
Rg1+ 41. Kh2 Rb1 42. b4 Kf4 43. Kg2 Nc4 44. Re2 Rb2 45. Rxb2 Nxb2 46. bxc5 bxc5
47. Bd7 Nd1 48. c4 Ne3+ 49. Kf2 Nxc4 50. Bb5 Ne5 51. Be2 c4 52. Bd1 c3 53. Kg2
Nxf3 0-1

[Event "4NCL/Div1/NWE1 vs. BRI1"]
[Site "West Bromwich ENG"]
[Date "2005.04.09"]
[Round "7.1"]
[White "Jackova, Jana"]
[Black "Cobb, Charles"]
[Result "1/2-1/2"]
[WhiteElo "2406"]
[BlackElo "2405"]
[PlyCount "49"]
[EventDate "2005.04.09"]
[SourceDate "2004.09.21"]

1. e4 e6 2. d4 d5 3. Nc3 Nf6 4. Bg5 Bb4 5. e5 h6 6. Bh4 g5 7. Bg3 Ne4 8. Nge2
Bd7 9. a3 Nxc3 10. Nxc3 Bxc3+ 11. bxc3 c5 12. h4 Qa5 13. Qd2 Rg8 14. f4 cxd4
15. cxd4 Qxd2+ 16. Kxd2 g4 17. h5 Nc6 18. Rb1 b6 19. Bf2 Ne7 20. Bd3 Bc6 21.
Rbe1 Kd7 22. f5 Nxf5 23. Bxf5 exf5 24. Be3 Rh8 25. Ref1 1/2-1/2

[Event "4NCL/Div1/NWE1 vs. BRI1"]
[Site "West Bromwich ENG"]
[Date "2005.04.09"]
[Round "7.2"]
[White "Beaumont, Chris"]
[Black "Quillan, Gary"]
[Result "0-1"]
[WhiteElo "2329"]
[BlackElo "2354"]
[PlyCount "98"]
[EventDate "2005.04.09"]
[SourceDate "2004.09.21"]

1. Nf3 Nf6 2. c4 e6 3. g3 c5 4. Bg2 Nc6 5. O-O d5 6. cxd5 exd5 7. d4 cxd4 8.
Nxd4 Be7 9. Nc3 O-O 10. Be3 Re8 11. Rc1 Bf8 12. Nxc6 bxc6 13. Na4 Bg4 14. Rxc6
Qd7 15. Rxf6 gxf6 16. Nc3 Rad8 17. Qxd5 Re5 18. Qxd7 Rxd7 19. Bf4 Ra5 20. Bc6
Re7 21. Rd1 Re6 22. Bd7 Bxe2 23. Rd2 Bc4 24. Bxe6 Bxe6 25. Rd8 Kg7 26. a3 Ra6
27. Bh6+ Kxh6 28. Rxf8 Rb6 29. b4 Rd6 30. Ne4 Rd3 31. Re8 Bd7 32. Rd8 Rd1+ 33.
Kg2 Bh3+ 34. Kxh3 Rxd8 35. Nxf6 Rd3 36. a4 Rd4 37. Ng4+ Kg7 38. b5 Rxa4 39. Ne5
Ra2 40. f4 Rd2 41. Nc6 Rd7 42. Kg4 Rc7 43. Nd4 Kf6 44. h4 Rc4 45. Nc6 a6 46.
Ne5 axb5 47. Nxc4 bxc4 48. Kf3 c3 49. Ke3 Kf5 0-1

[Event "4NCL/Div1/NWE1 vs. BRI1"]
[Site "West Bromwich ENG"]
[Date "2005.04.09"]
[Round "7.3"]
[White "Hanley, Craig A"]
[Black "Buckley, Simon T"]
[Result "1/2-1/2"]
[WhiteElo "2397"]
[BlackElo "2332"]
[PlyCount "65"]
[EventDate "2005.04.09"]
[SourceDate "2004.09.21"]

1. e4 e6 2. d4 d5 3. Nd2 Nf6 4. e5 Nfd7 5. Bd3 c5 6. c3 Nc6 7. Ne2 Qb6 8. Nf3
f6 9. exf6 Nxf6 10. O-O cxd4 11. cxd4 Bd6 12. Nf4 O-O 13. Re1 Re8 14. g3 Bd7
15. Be3 Qd8 16. Rc1 e5 17. dxe5 Nxe5 18. Nxe5 Bxe5 19. Qb3 Bc6 20. Bf5 Kh8 21.
Ne6 Qa5 22. f4 Bd6 23. Bd4 Re7 24. Bh3 Rae8 25. f5 Bd7 26. a3 Bxe6 27. fxe6 Ne4
28. Qe3 Qa4 29. Rf1 Ng5 30. Qxg5 Qxd4+ 31. Kh1 Qe4+ 32. Bg2 Qxe6 33. Qxd5
1/2-1/2

[Event "4NCL/Div1/NWE1 vs. BRI1"]
[Site "West Bromwich ENG"]
[Date "2005.04.09"]
[Round "7.4"]
[White "Buckley, David E"]
[Black "Trent, Lawrence"]
[Result "0-1"]
[WhiteElo "2223"]
[BlackElo "2387"]
[PlyCount "52"]
[EventDate "2005.04.09"]
[SourceDate "2004.09.21"]

1. e4 e5 2. f4 exf4 3. Nf3 g5 4. h4 g4 5. Ne5 Nf6 6. d4 d6 7. Nd3 Nxe4 8. Qe2
Qe7 9. Bxf4 Bg7 10. c3 O-O 11. Nd2 Re8 12. Nxe4 Qxe4 13. Qxe4 Rxe4+ 14. Kd2 Nc6
15. g3 Bf5 16. Bg2 Ree8 17. Raf1 Na5 18. b3 c5 19. d5 c4 20. Nc1 cxb3 21. axb3
Rac8 22. c4 Nxc4+ 23. bxc4 Rxc4 24. Bxd6 Rd4+ 25. Kc3 Rc8+ 26. Kb2 Ra4+ 0-1

[Event "4NCL/Div1/NWE1 vs. BRI1"]
[Site "West Bromwich ENG"]
[Date "2005.04.09"]
[Round "7.5"]
[White "Morrison, Graham"]
[Black "Rudd, Jack"]
[Result "1/2-1/2"]
[WhiteElo "2305"]
[BlackElo "2296"]
[PlyCount "66"]
[EventDate "2005.04.09"]
[SourceDate "2004.09.21"]

1. Nf3 Nf6 2. c4 e6 3. Nc3 c5 4. g3 b6 5. Bg2 Bb7 6. O-O Nc6 7. e4 d6 8. d4
cxd4 9. Nxd4 Qd7 10. Nxc6 Bxc6 11. Qe2 a6 12. Nd5 Qb7 13. Bg5 Nd7 14. Nb4 Rc8
15. Nxc6 Qxc6 16. Rac1 Qc7 17. b3 Be7 18. Be3 O-O 19. f4 Bf6 20. Rfd1 Rfd8 21.
b4 Qb8 22. Qd3 Be7 23. Qb3 b5 24. a4 bxc4 25. Rxc4 Nb6 26. Rcc1 Rxc1 27. Rxc1
d5 28. exd5 Nxd5 29. Bxd5 Rxd5 30. Rb1 Qd8 31. Qc4 Rd1+ 32. Rxd1 Qxd1+ 33. Kg2
Qxa4 1/2-1/2

[Event "4NCL/Div1/NWE1 vs. BRI1"]
[Site "West Bromwich ENG"]
[Date "2005.04.09"]
[Round "7.6"]
[White "Sisask, Jesper"]
[Black "Carleton, John J"]
[Result "1-0"]
[WhiteElo "2166"]
[BlackElo "2284"]
[PlyCount "61"]
[EventDate "2005.04.09"]
[SourceDate "2004.09.21"]

1. d4 Nf6 2. Bg5 e6 3. e4 c5 4. e5 h6 5. Bc1 Nd5 6. c4 Nc7 7. dxc5 Nc6 8. Nf3
Bxc5 9. a3 d5 10. Nc3 O-O 11. Bf4 dxc4 12. Bxc4 Qe7 13. Qe2 Nd4 14. Qe4 f5 15.
exf6 Nxf3+ 16. gxf3 Rxf6 17. Be5 Rf8 18. Rg1 Ne8 19. O-O-O Bxf2 20. Rg6 Nf6 21.
Qe2 Qc5 22. Rd3 Qxc4 23. Rd7 Bxd7 24. Qxc4 Rac8 25. Qf4 Kh7 26. Rg2 Bb6 27. h4
Nh5 28. Qg4 Rf5 29. Qg6+ Kg8 30. f4 Bd8 31. Qxh6 1-0

[Event "4NCL/Div1/NWE1 vs. BRI1"]
[Site "West Bromwich ENG"]
[Date "2005.04.09"]
[Round "7.7"]
[White "Hague, Ben"]
[Black "Helbig, Paul D"]
[Result "1-0"]
[WhiteElo "2264"]
[BlackElo "2184"]
[PlyCount "69"]
[EventDate "2005.04.09"]
[SourceDate "2004.09.21"]

1. e4 d6 2. d4 g6 3. Nc3 Bg7 4. Bg5 a6 5. Nf3 h6 6. Bh4 Bg4 7. Bc4 g5 8. Bg3 e6
9. h4 Nc6 10. d5 Nd4 11. Qd3 Bxf3 12. gxf3 Qf6 13. O-O-O O-O-O 14. Qe3 Ne7 15.
f4 gxf4 16. Bxf4 exd5 17. Bxd5 Rhe8 18. Rd3 Nb5 19. Bc4 Kb8 20. Bxb5 axb5 21.
Qg3 b4 22. Nd1 Ng6 23. Bd2 Rxe4 24. Rb3 Nf4 25. Kb1 Nd5 26. Ne3 Nxe3 27. fxe3
Rde8 28. a3 bxa3 29. Bc3 R8e5 30. Rg1 a2+ 31. Ka1 Qg6 32. Qxg6 fxg6 33. Rxg6
Rxh4 34. Rxg7 Rh1+ 35. Kxa2 1-0

[Event "4NCL/Div1/NWE1 vs. BRI1"]
[Site "West Bromwich ENG"]
[Date "2005.04.09"]
[Round "7.8"]
[White "Ashby, Ann-Marie"]
[Black "Hughes, Howard R"]
[Result "0-1"]
[WhiteElo "2079"]
[BlackElo "2216"]
[PlyCount "54"]
[EventDate "2005.04.09"]
[SourceDate "2004.09.21"]

1. e4 d5 2. exd5 Qxd5 3. Nc3 Qa5 4. d4 Nf6 5. Bc4 Bg4 6. Nge2 Nbd7 7. Bd2 c6 8.
O-O e6 9. d5 Qc5 10. dxe6 Qxc4 11. exd7+ Bxd7 12. Re1 O-O-O 13. Bf4 Bf5 14. Qc1
Bd6 15. Bxd6 Rxd6 16. b3 Qb4 17. Qe3 Re8 18. Qxa7 Rde6 19. Red1 Bxc2 20. a3
Qxb3 21. Rab1 Bxb1 22. Rxb1 Rxe2 23. Qa8+ Kc7 24. Qa5+ Kb8 25. g3 Re1+ 26. Rxe1
Rxe1+ 27. Kg2 b6 0-1

[Event "4NCL/Div1/BET vs. GUI1"]
[Site "West Bromwich ENG"]
[Date "2005.04.09"]
[Round "7.1"]
[White "Williams, Simon K"]
[Black "Rowson, Jonathan"]
[Result "1-0"]
[WhiteElo "2466"]
[BlackElo "2572"]
[PlyCount "199"]
[EventDate "2005.04.09"]
[SourceDate "2004.09.21"]

1. e4 c5 2. Nf3 d6 3. d4 Nf6 4. Nc3 cxd4 5. Nxd4 a6 6. Bc4 e6 7. Bb3 b5 8. Bg5
Nbd7 9. f4 Bb7 10. O-O Be7 11. f5 e5 12. Ne6 fxe6 13. fxe6 Nb6 14. Bxf6 Bxf6
15. Rxf6 Qxf6 16. Qxd6 Qd8 17. Qxe5 Nc4 18. Bxc4 bxc4 19. Nd5 Bxd5 20. exd5 Qf6
21. Qd6 Qd8 22. Qc6+ Ke7 23. Qb7+ Kd6 24. Qc6+ Ke7 25. Qb7+ Kd6 26. Qb4+ Kxd5
27. Rd1+ Kxe6 28. Qxc4+ Kf6 29. Qc6+ Kf7 30. Qc4+ Kf6 31. Qh4+ Kg6 32. Qg4+ Kf7
33. Rd7+ Qxd7 34. Qxd7+ Kf6 35. Qd6+ Kf7 36. Qf4+ Ke7 37. Qe5+ Kf7 38. Qf5+ Ke7
39. h4 g6 40. Qe5+ Kf7 41. Qc7+ Kf6 42. Qd6+ Kf7 43. Qd7+ Kf6 44. b4 Rhe8 45.
Qxh7 Re1+ 46. Kh2 Re4 47. Qh6 Rae8 48. Qg5+ Kg7 49. c3 R8e6 50. Qd8 Rf6 51. Kh3
Rc4 52. Qe7+ Rf7 53. Qe5+ Kh7 54. g3 Rfc7 55. Qd6 R7c6 56. Qe7+ Kh6 57. Qf8+
Kh7 58. Qf7+ Kh6 59. a4 Rxc3 60. b5 axb5 61. axb5 Rc7 62. Qf4+ Kh7 63. b6 Rg7
64. h5 Rc6 65. hxg6+ Rcxg6 66. Qe4 Kh8 67. b7 Rxg3+ 68. Kh2 Rb3 69. Qe8+ Rg8
70. Qh5+ Kg7 71. Qg5+ Kh7 72. Qf5+ Kg7 73. Qe5+ Kh7 74. Qe7+ Kh8 75. Qf6+ Rg7
76. Qf8+ Kh7 77. b8=Q Rxb8 78. Qxb8 Rg5 79. Qd6 Rg6 80. Qf8 Rg8 81. Qf5+ Kh6
82. Kh3 Rg5 83. Qf7 Rg6 84. Kh4 Rg4+ 85. Kh3 Rg6 86. Qe7 Rg7 87. Qf8 Kh7 88.
Kh4 Rg6 89. Qf7+ Kh8 90. Qe7 Rg7 91. Qe5 Kg8 92. Qe8+ Kh7 93. Kh5 Rg8 94. Qe6
Rg7 95. Qf5+ Kg8 96. Kh6 Rf7 97. Qc8+ Rf8 98. Qe6+ Rf7 99. Qe8+ Rf8 100. Qg6+
1-0

[Event "4NCL/Div1/BET vs. GUI1"]
[Site "West Bromwich ENG"]
[Date "2005.04.09"]
[Round "7.2"]
[White "Hebden, Mark L"]
[Black "Ledger, Andrew J"]
[Result "1/2-1/2"]
[WhiteElo "2514"]
[BlackElo "2450"]
[PlyCount "69"]
[EventDate "2005.04.09"]
[SourceDate "2004.09.21"]

1. d4 Nf6 2. Nf3 d5 3. c4 c6 4. e3 Bf5 5. cxd5 cxd5 6. Qb3 Qc7 7. Bb5+ Nbd7 8.
Nc3 e6 9. Bd2 a6 10. Rc1 Qb6 11. Qa4 Qd8 12. Be2 Bd6 13. O-O h6 14. b4 O-O 15.
Qb3 Ne4 16. a4 Nxd2 17. Nxd2 Qe7 18. b5 Bb4 19. Rfd1 Rfc8 20. e4 dxe4 21. Ndxe4
axb5 22. Bxb5 Bxc3 23. Nxc3 Nf6 24. d5 exd5 25. Nxd5 Nxd5 26. Qxd5 Be6 27. Qe4
Rxc1 28. Rxc1 Rd8 29. h4 h5 30. Rb1 g6 31. Bc4 Rd7 32. Re1 Rd6 33. Qf4 b6 34.
g3 Qd7 35. Bxe6 1/2-1/2

[Event "4NCL/Div1/BET vs. GUI1"]
[Site "West Bromwich ENG"]
[Date "2005.04.09"]
[Round "7.3"]
[White "Ansell, Simon"]
[Black "Kosten, Anthony C"]
[Result "1/2-1/2"]
[WhiteElo "2408"]
[BlackElo "2537"]
[PlyCount "207"]
[EventDate "2005.04.09"]
[SourceDate "2004.09.21"]

1. e4 e6 2. d3 d5 3. Nd2 Nf6 4. Ngf3 Nc6 5. c3 Bd6 6. b4 a6 7. Be2 O-O 8. O-O
e5 9. Qb3 Ne7 10. d4 dxe4 11. Nxe5 Be6 12. Bc4 Ned5 13. Nxe4 Bxe5 14. Bg5 Bd6
15. Bxd5 Bxd5 16. Bxf6 Qd7 17. Qb1 Bxe4 18. Qxe4 gxf6 19. Qxb7 Qf5 20. Qc6 a5
21. b5 Rae8 22. Rae1 Re6 23. Rxe6 Qxe6 24. c4 Re8 25. c5 Bf4 26. Qf3 Qe4 27.
Qg4+ Bg5 28. Qd7 Qe7 29. Qxe7 Rxe7 30. f4 Bh6 31. g3 Rd7 32. Rb1 Rxd4 33. b6
cxb6 34. cxb6 Rd8 35. b7 Rb8 36. Kf2 Kf8 37. Ke3 Ke7 38. Ke4 Kd7 39. Rb5 a4 40.
Rd5+ Kc6 41. Ra5 Rxb7 42. Rxa4 Bg7 43. Ra8 Rb4+ 44. Kf5 Rb5+ 45. Kg4 f5+ 46.
Kg5 h6+ 47. Kh5 Rb2 48. h4 Bd4 49. Rf8 Kd5 50. Rxf7 Ke4 51. Kxh6 Bf2 52. Kg5
Bxg3 53. Re7+ Kf3 54. Kxf5 Rxa2 55. h5 Bxf4 56. Rb7 Ra5+ 57. Kg6 Kg4 58. Rf7
Rg5+ 59. Kf6 Rxh5 60. Ke6 Ra5 61. Rg7+ Kf3 62. Rb7 Re5+ 63. Kf6 Rc5 64. Ke6 Ra5
65. Kf6 Be5+ 66. Kf5 Bd4+ 67. Kg6 Ke4 68. Kf7 Kf5 69. Ke7 Be5 70. Kd7 Rc5 71.
Ke7 Rc6 72. Kd7 Rc1 73. Ke7 Rd1 74. Ke8 Ke6 75. Rb6+ Bd6 76. Rb7 Rg1 77. Re7+
Kd5 78. Rh7 Rf1 79. Rf7 Re1+ 80. Kd7 Ra1 81. Rf5+ Be5 82. Rf7 Ra6 83. Ke8 Bf6
84. Rd7+ Ke6 85. Re7+ Kf5 86. Rb7 Rd6 87. Kf7 Rd5 88. Ra7 Rd1 89. Rb7 Rh1 90.
Ke8 Kg6 91. Kd7 Rd1+ 92. Kc6 Kf5 93. Rd7 Rc1+ 94. Kd5 Rc2 95. Rb7 Rd2+ 96. Kc4
Ke4 97. Kb5 Be5 98. Kc6 Rc2+ 99. Kd7 Kf5 100. Ke7 Rd2 101. Ke8 Bf6 102. Kf7 Be5
103. Ke8 Bf6 104. Kf7 1/2-1/2

[Event "4NCL/Div1/BET vs. GUI1"]
[Site "West Bromwich ENG"]
[Date "2005.04.09"]
[Round "7.4"]
[White "King, Daniel J"]
[Black "Eames, Robert G"]
[Result "1-0"]
[WhiteElo "2517"]
[BlackElo "2321"]
[PlyCount "79"]
[EventDate "2005.04.09"]
[SourceDate "2004.09.21"]

1. e4 c5 2. Nf3 d6 3. d4 cxd4 4. Qxd4 a6 5. c4 Nc6 6. Qd2 g6 7. Be2 Bg7 8. O-O
Nf6 9. Nc3 O-O 10. h3 Be6 11. Rb1 Qa5 12. b4 Nxb4 13. Nd5 Nc6 14. Nxe7+ Kh8 15.
Rxb7 Qxd2 16. Nxd2 Nd4 17. Bd1 Nd7 18. Ba3 Nc5 19. Rb6 Rfd8 20. f4 Rd7 21. Nd5
Rc8 22. e5 h5 23. Rxd6 Rxd6 24. exd6 Nf5 25. Ne7 Bd4+ 26. Kh2 Re8 27. Nxf5 Bxf5
28. Nf3 Be3 29. g3 Ne4 30. Kg2 Rd8 31. Re1 Bc5 32. Bb2+ Kg8 33. g4 Nxd6 34.
gxf5 Nxf5 35. Bc1 Rd3 36. Bc2 Rc3 37. Bxf5 gxf5 38. Bd2 Rc2 39. Kg3 Rxa2 40.
Re5 1-0

[Event "4NCL/Div1/BET vs. GUI1"]
[Site "West Bromwich ENG"]
[Date "2005.04.09"]
[Round "7.5"]
[White "Ledger, David J"]
[Black "Cherniaev, Alexander"]
[Result "0-1"]
[WhiteElo "2266"]
[BlackElo "2469"]
[PlyCount "58"]
[EventDate "2005.04.09"]
[SourceDate "2004.09.21"]

1. e4 c5 2. Nc3 Nc6 3. g3 g6 4. d3 Bg7 5. Be3 d6 6. Qd2 b5 7. Bg2 b4 8. Nd1 h5
9. a3 b3 10. c3 Ne5 11. f4 Ng4 12. Nf3 Nxe3 13. Nxe3 Rb8 14. O-O Nf6 15. h3 Nd7
16. f5 g5 17. Nxg5 Ba6 18. Qe2 Ne5 19. Rad1 Bf6 20. h4 Kd7 21. Nd5 Qg8 22. Qe3
Qg7 23. Bh3 Rhg8 24. Rf2 Bxg5 25. hxg5 Qxg5 26. Qxg5 Rxg5 27. f6+ e6 28. Nf4
Bxd3 29. Kh2 Bxe4 0-1

[Event "4NCL/Div1/BET vs. GUI1"]
[Site "West Bromwich ENG"]
[Date "2005.04.09"]
[Round "7.6"]
[White "Plaskett, James"]
[Black "Duncan, Christopher R"]
[Result "1-0"]
[WhiteElo "2490"]
[BlackElo "2332"]
[PlyCount "49"]
[EventDate "2005.04.09"]
[SourceDate "2004.09.21"]

1. e4 c5 2. Nc3 Nc6 3. Bb5 Nd4 4. Nf3 e6 5. O-O a6 6. Bd3 Ne7 7. Nxd4 cxd4 8.
Ne2 Nc6 9. c3 Bc5 10. b4 Ba7 11. Bb2 d5 12. Qc2 Qd6 13. a4 dxe4 14. Bxe4 f5 15.
Bxc6+ Qxc6 16. b5 Qc7 17. Ba3 Kf7 18. Qb3 d3 19. Nd4 Kf6 20. Rfe1 e5 21. bxa6
bxa6 22. Qd5 Bxd4 23. Qxa8 Ba7 24. Qf3 e4 25. Rxe4 1-0

[Event "4NCL/Div1/BET vs. GUI1"]
[Site "West Bromwich ENG"]
[Date "2005.04.09"]
[Round "7.7"]
[White "Ledger, Stephen C"]
[Black "Flear, Glenn C"]
[Result "0-1"]
[WhiteElo "2170"]
[BlackElo "2475"]
[PlyCount "62"]
[EventDate "2005.04.09"]
[SourceDate "2004.09.21"]

1. d4 Nf6 2. Nf3 g6 3. Bf4 Bg7 4. h3 d6 5. e3 O-O 6. Be2 c5 7. c3 Be6 8. Nbd2
Nc6 9. O-O Qb6 10. dxc5 Qxc5 11. Nb3 Qb6 12. Qc2 Rfc8 13. Nbd4 Bd5 14. Nxc6
bxc6 15. Nd2 a5 16. e4 Be6 17. Be3 Qc7 18. f4 Rcb8 19. g4 a4 20. g5 Ne8 21. f5
Bc8 22. Rf3 d5 23. fxg6 hxg6 24. Raf1 Nd6 25. exd5 cxd5 26. Bd3 Bf5 27. Bxf5
Nxf5 28. Bf4 Qb6+ 29. Kh1 e5 30. Bh2 Qxb2 31. Qxb2 Rxb2 0-1

[Event "4NCL/Div1/BET vs. GUI1"]
[Site "West Bromwich ENG"]
[Date "2005.04.09"]
[Round "7.8"]
[White "Lalic, Susan"]
[Black "Tidman, Sophie"]
[Result "1-0"]
[WhiteElo "2369"]
[BlackElo "2110"]
[PlyCount "51"]
[EventDate "2005.04.09"]
[SourceDate "2004.09.21"]

1. e4 e6 2. d4 d5 3. Nc3 Bb4 4. Nge2 Nc6 5. a3 Bxc3+ 6. Nxc3 dxe4 7. Bb5 Nge7
8. Bg5 O-O 9. Bxc6 bxc6 10. Nxe4 f6 11. Be3 Qd5 12. f3 Nf5 13. Bf2 e5 14. dxe5
fxe5 15. O-O Ba6 16. Re1 Nd4 17. Bxd4 exd4 18. Qd2 Rab8 19. b4 Bc4 20. Rad1 a5
21. Nc5 axb4 22. axb4 Rf5 23. Re4 d3 24. cxd3 Bb5 25. Qc3 Rg5 26. Ne6 1-0

[Event "4NCL/Div1/WES1 vs. GUI2"]
[Site "West Bromwich ENG"]
[Date "2005.04.09"]
[Round "7.1"]
[White "Upton, Ian J"]
[Black "Howell, David W L"]
[Result "1/2-1/2"]
[WhiteElo "2242"]
[BlackElo "2416"]
[PlyCount "83"]
[EventDate "2005.04.09"]
[SourceDate "2004.09.21"]

1. d4 Nf6 2. c4 g6 3. Nc3 d5 4. cxd5 Nxd5 5. e4 Nxc3 6. bxc3 Bg7 7. Bc4 c5 8.
Ne2 Nc6 9. Be3 O-O 10. O-O Bd7 11. h3 Rc8 12. Rc1 a6 13. dxc5 Na5 14. Bb3 Qc7
15. Qc2 Bb5 16. c4 Bc6 17. f4 f5 18. exf5 gxf5 19. Ng3 e6 20. Nh5 Rcd8 21. Rcd1
Qf7 22. Nxg7 Qxg7 23. Qf2 Nxb3 24. axb3 Kf7 25. Kh2 Rg8 26. g3 Qh6 27. Rxd8
Rxd8 28. Qe2 Qf6 29. Rc1 Be4 30. Rd1 {(=)} Rxd1 31. Qxd1 Qb2+ 32. Qd2 Qxd2+ 33.
Bxd2 Ke7 34. Kg1 Kd7 35. Kf2 Kc6 36. b4 Bd3 37. Ke3 Bxc4 38. Kd4 Bf1 39. Ke5
Bxh3 40. Kxe6 Kb5 41. Kd5 Ka4 42. Kc4 1/2-1/2

[Event "4NCL/Div1/WES1 vs. GUI2"]
[Site "West Bromwich ENG"]
[Date "2005.04.09"]
[Round "7.2"]
[White "Shaw, John K"]
[Black "Webb, Richard M"]
[Result "0-1"]
[WhiteElo "2454"]
[BlackElo "2313"]
[PlyCount "56"]
[EventDate "2005.04.09"]
[SourceDate "2004.09.21"]

1. e4 c5 2. c3 e5 3. Nf3 Nc6 4. Bc4 Be7 5. d4 cxd4 6. cxd4 exd4 7. O-O Nf6 8.
Nxd4 O-O 9. Nc3 Nxe4 10. Nxe4 d5 11. Nxc6 bxc6 12. Bd3 dxe4 13. Bxe4 Ba6 14.
Bxc6 Bxf1 15. Qxf1 Rc8 16. Be4 Bf6 17. Be3 Qa5 18. Qd3 g6 19. Bd2 Qb6 20. Rb1
Rfd8 21. Qe2 Qe6 22. Bc3 Bxc3 23. bxc3 Re8 24. Re1 f5 25. Bf3 Qxe2 26. Rxe2
Rxe2 27. Bxe2 Rxc3 28. f4 Kf8 0-1

[Event "4NCL/Div1/WES1 vs. GUI2"]
[Site "West Bromwich ENG"]
[Date "2005.04.09"]
[Round "7.3"]
[White "Simons, Martin J"]
[Black "Buckley, Graeme"]
[Result "1/2-1/2"]
[WhiteElo "2293"]
[BlackElo "2417"]
[PlyCount "85"]
[EventDate "2005.04.09"]
[SourceDate "2004.09.21"]

1. e4 d5 2. exd5 Nf6 3. d4 Bg4 4. f3 Bf5 5. Bb5+ Nbd7 6. c4 e6 7. dxe6 Bxe6 8.
d5 Bf5 9. Be3 Bb4+ 10. Nc3 O-O 11. Nge2 Qe7 12. Bxd7 Bxc3+ 13. bxc3 Nxd7 14.
Qd4 Rfe8 15. Kf2 Ne5 16. Ng3 Bg6 17. Rhd1 c5 18. dxc6 Nxc6 19. Qc5 Qf6 20. Bd4
Qf4 21. Be3 Qf6 22. Bd4 Ne5 23. Bxe5 Rxe5 24. Rd5 b6 25. Qd4 Rxd5 26. Qxf6 Rd2+
27. Ke1 gxf6 28. Kxd2 Rd8+ 29. Ke1 Rc8 30. Kd2 Rxc4 31. a4 Kf8 32. Ne2 Bf5 33.
Nd4 Bd7 34. a5 b5 35. Rb1 Ra4 36. Nxb5 Rxa5 37. Nd4 Ra2+ 38. Kd3 Rxg2 39. Rb7
Ke7 40. Rxa7 Rxh2 41. c4 Rh5 42. Kc3 Rh1 43. Kd2 1/2-1/2

[Event "4NCL/Div1/WES1 vs. GUI2"]
[Site "West Bromwich ENG"]
[Date "2005.04.09"]
[Round "7.4"]
[White "Povah, Nigel E"]
[Black "Allicock, Rawle A"]
[Result "0-1"]
[WhiteElo "2377"]
[BlackElo "2292"]
[PlyCount "74"]
[EventDate "2005.04.09"]
[SourceDate "2004.09.21"]

1. d4 Nf6 2. c4 e6 3. Nf3 d5 4. Nc3 Be7 5. Bf4 O-O 6. e3 c5 7. dxc5 Bxc5 8. Qc2
Nc6 9. a3 Qa5 10. O-O-O Be7 11. h4 a6 12. Ng5 Rd8 13. cxd5 exd5 14. e4 Bg4 15.
Rxd5 Rxd5 16. exd5 Nd4 17. Qd3 Nb5 18. Be5 Rc8 19. f3 Bh5 20. Qf5 Rc5 21. Bxb5
Bg6 22. Qf4 Qxb5 23. Bxf6 gxf6 24. Nge4 Qb3 25. Qd2 Qa2 26. Kc2 h5 27. Rc1 Rc8
28. Kd1 Qc4 29. Ne2 Qa4+ 30. Ke1 Rxc1+ 31. Qxc1 Bxe4 32. fxe4 Qxe4 33. Qc8+ Kg7
34. Qxb7 Bd6 35. Kd2 Qxg2 36. Qc6 Bf4+ 37. Ke1 Be3 0-1

[Event "4NCL/Div1/WES1 vs. GUI2"]
[Site "West Bromwich ENG"]
[Date "2005.04.09"]
[Round "7.5"]
[White "Corkett, Anthony R"]
[Black "Thompson, Ian D"]
[Result "1-0"]
[WhiteElo "2321"]
[BlackElo "2275"]
[PlyCount "163"]
[EventDate "2005.04.09"]
[SourceDate "2004.09.21"]

1. d4 d5 2. Nf3 Nf6 3. e3 c5 4. Be2 Nc6 5. O-O e6 6. a3 a5 7. c4 cxd4 8. exd4
dxc4 9. Bxc4 Be7 10. Nc3 O-O 11. Re1 Nd5 12. Bd3 Nxc3 13. bxc3 Bf6 14. Rb1 g6
15. Bf4 a4 16. Ne5 Nxe5 17. Bxe5 Bxe5 18. Rxe5 Ra5 19. Qe1 Qc7 20. Rxa5 Qxa5
21. Rb5 Qc7 22. Rc5 Qd6 23. Qe5 Qxe5 24. Rxe5 Bd7 25. Rc5 Rb8 26. Rc7 Bc6 27.
f3 Rd8 28. Be4 e5 29. Bxc6 bxc6 30. dxe5 Rd1+ 31. Kf2 Ra1 32. Rxc6 Rxa3 33. h4
Rb3 34. g4 a3 35. c4 Rb4 36. Ra6 Rxc4 37. Rxa3 h5 38. gxh5 gxh5 39. Kg3 Kg7 40.
Re3 Rc6 41. Kf4 Kg6 42. Re4 Ra6 43. Rd4 f6 44. Rd6 Ra4+ 45. Kg3 Kf5 46. Rxf6+
Kxe5 47. Rh6 Kf5 48. Rxh5+ Kg6 49. Rg5+ Kf6 50. Rb5 Kg6 51. h5+ Kh6 52. Rf5 Rb4
53. Re5 Ra4 54. f4 Ra1 55. Kg4 Ra6 56. Re4 Ra1 57. Re6+ Kg7 58. h6+ Kh7 59. f5
Rb1 60. Kg5 Rb7 61. Re5 Rb6 62. Re7+ Kg8 63. Re6 Rb1 64. Kg6 Rg1+ 65. Kf6 Ra1
66. Rd6 Rf1 67. Rd7 Rf2 68. Rg7+ Kh8 69. Rg4 Kh7 70. Kg5 Ra2 71. Re4 Rg2+ 72.
Kf6 Rf2 73. Re3 Rf1 74. Ke6 Ra1 75. f6 Kxh6 76. f7 Ra6+ 77. Ke7 Ra7+ 78. Kf6
Ra6+ 79. Re6 Ra8 80. Re8 Ra6+ 81. Kf5 Ra5+ 82. Ke4 1-0

[Event "4NCL/Div1/WES1 vs. GUI2"]
[Site "West Bromwich ENG"]
[Date "2005.04.09"]
[Round "7.6"]
[White "Richardson, Keith B"]
[Black "Evans-Quek, Suan-Shiau"]
[Result "1/2-1/2"]
[WhiteElo "2222"]
[BlackElo "2295"]
[PlyCount "97"]
[EventDate "2005.04.09"]
[SourceDate "2004.09.21"]

1. c4 d6 2. Nf3 g6 3. g3 Bg7 4. Bg2 e5 5. d4 Nc6 6. dxe5 dxe5 7. Qxd8+ Nxd8 8.
Nc3 Ne6 9. O-O f6 10. Rd1 Nh6 11. b3 Nf7 12. e4 c6 13. Ba3 Bf8 14. Bxf8 Rxf8
15. Rd2 Bd7 16. Rad1 O-O-O 17. Bh3 Kc7 18. Rxd7+ Rxd7 19. Bxe6 Rxd1+ 20. Nxd1
Rd8 21. Ne3 Nd6 22. Nd2 b6 23. Kf1 Nb7 24. Ke2 a5 25. Bh3 Nc5 26. a3 Nd3 27.
Nd1 a4 28. bxa4 Nc1+ 29. Ke1 Rd3 30. Bf1 Rxa3 31. Nb2 Ra1 32. Nd1 Rxa4 33. f3
Ra2 34. Nc3 Rc2 35. Ncb1 Na2 36. Bd3 Rc1+ 37. Kf2 Nb4 38. Be2 Nc2 39. h4 Nd4
40. Bd3 b5 41. cxb5 cxb5 42. f4 Kb6 43. f5 Kc5 44. g4 b4 45. g5 fxg5 46. hxg5
b3 47. f6 Kd6 48. Nc4+ Ke6 49. Ncd2 1/2-1/2